102 - Né(es) un 12 avril - Statistiques

Statistiques générales
  • Ce quiz a été pris 8 fois
  • Le résultat moyen est 6 sur 14
Statistiques - réponses
Hint Année de naissance Réponse % Correct
Président du conseil régional d'Auvergne-Rhône-Alpes du 4 janvier 2016 au 4 septembre 2024. 1975 Laurent Wauquiez
83%
Acteur américano-cubain. Vu dans "Les Incorruptibles", "Le Parrain 3" et "Ocean's Eleven". 1956 Andy García
67%
Chanteur français. Ancien membre du groupe "Téléphone". 1955 Jean-Louis Aubert
67%
Homme politique français. Maire de Lyon de 1995 à 2001 après avoir été Premier ministre de 1976 à 1981. 1924 Raymond Barre
67%
Pilote de rallye et rallye-raid espagnol. Champion du monde des rallyes en 1990 et 1992. 1962 Carlos Sainz
50%
Tueur en série surnommé "le Barbe-Bleue de Gambais". 1869 Henri Désiré Landru
50%
Acteur français à la voix chaude et caverneuse. Vu dans "Les Galettes de Pont-Aven", "Calmos", "Un moment d'égarement", "Les acteurs". 1932 Jean-Pierre Marielle
50%
Présentateur de late show américain (qui porte son nom) à l'humour ironique et souvent absurde. 1947 David Letterman
33%
Directeur des écuries de Formule 1 Benetton Formula de 1989 à 1997 et Renault F1 Team de 2000 à 2009. 1950 Flavio Briatore
33%
Acteur français considéré comme l'un des plus grands de la première moitié du XXe siècle. Vu dans "Poil de Carotte", "Les Misérables", "Le Golem", "Un grand amour de Beethoven", "Volpone". 1880 Harry Baur
33%
Humoriste français. Vu dans "Barbecue", "Plancha", "Bienvenue chez les Ch'tis", "Les Tuche" et "Astérix et Obélix : L'Empire du Milieu". 1976 Jérôme Commandeur
33%
Pianiste américain. Connu pour "Cantaloupe Island", "Watermelon Man", "Chameleon" et "Rockit". 1940 Herbie Hancock
17%
Botaniste français. Membre d'une famille de botanistes. Membre de l'académie des sciences. Son travail permettra une meilleure classificaion des végéteaux. 1748 Antoine-Laurent de Jussieu
0%
Romancier américain. Connu pour "Octobre rouge", "Jeux de guerre", "Danger immédiat", "La Somme de toutes les peurs". 1947 Tom Clancy
0%
Aucun quiz correspondant
Distribution des résultats
% des personnes avec chaque résultat
Percentile par nombre de réponses
Votre historique - résultats
Vous n’avez pas pris ce quiz